Reporte sobre la justicia en las Américas 2006-2007
Guardat en:
| Format: | Llibre |
|---|---|
| Idioma: | espanyol |
| Publicat: |
Santiago
CEJA
2007
|
| Matèries: | |
| Etiquetes: |
Afegir etiqueta
Sense etiquetes, Sigues el primer a etiquetar aquest registre!
|
MARC
| LEADER | 00000nam a2200000 a 4500 | ||
|---|---|---|---|
| 001 | UCI3114 | ||
| 003 | CL-VaPUC | ||
| 008 | 071012e20070000CL |||||||||||||||||spa|d | ||
| 020 | |a 9789568491123 | ||
| 082 | 0 | 4 | |a 340.11 |b REP |2 21 |
| 245 | 1 | 0 | |a Reporte sobre la justicia en las Américas 2006-2007 |
| 300 | |a 586 p | ||
| 942 | |c BK | ||
| 945 | |d 20071012 00:00:00 |a jtorresc | ||
| 260 | |a Santiago |b CEJA |c 2007 | ||
| 650 | 0 | |a Derechos humanos |9 223025 | |
| 650 | 0 | |a Justicia |9 255408 | |
| 650 | 7 | |a REPORTES |2 CL-VaPUC |9 404600 | |
| 583 | |a last modification |c 20071012 00:00:00 |k Rodrigo Vera | ||
| 999 | |c 327506 |d 327504 | ||
| 952 | |0 0 |1 0 |4 0 |6 340_110000000000000_REP_2007 |7 0 |8 A |9 410376 |a BIBDER |b BIBDER |d 2019-11-22 |i 4374096 |o 340.11 REP 2007 |p 4374096 |r 2023-01-25 |w 2019-11-22 |y BK |k DER | ||
| 952 | |0 0 |1 0 |4 0 |6 340_110000000000000_REP_2007 |7 0 |8 A |9 410377 |a BIBDER |b BIBDER |d 2019-11-22 |i 437410K |o 340.11 REP 2007 |p 437410K |r 2019-11-22 |w 2019-11-22 |y BK |k DER | ||